000 00444ntaaa2200181 4500
003 01
005 20251027201535.0
008 0714s1973 ag 01
040 _aAR-BaBN
_bspa
_cAR-BaBN
_eaacr
_dRIC
082 _a227.8000 H87
100 _aHuegel, Juan
_914050
245 _aCarta a un joven
250 _a1 ed. :
_bAurora,
_c1959
300 _a76 p.
650 _aII Timoteo
_914051
650 _aBiblia-Nuevo Testamento-Timoteo
942 _cBK
999 _c10008
_d10008